00451nam a2200145Ia 4500008004100000082001300041082000800054245008200062245001800144260001800162300000900180942000800189999001900197952008900216231017s9999 xx 000 0 und d a625.7COO bCOO 0aLow Volume Rural Road Upgrade Options (Technical Paper No. 4) - December 2008 0cDr. J.R. Cook bDr. J.R. Cook c30cm cREP c603640d603640 00104070aNITbNITd2023-10-17l0o625.7COOpNIT-6117r2023-10-17w2023-10-17yREP